00413nam a2200157Ia 4500003000400000005001700004008004100021020001800062040000900080082002000089100001900109245005600128260003800184300000900222650002400231OSt20201110110955.0190216s9999||||xx |||||||||||||| ||und|| a9780143029274 coclc a791.4372bROY/W aRoy, Arundhati 0aIn Which Annie Gives It Those Ones /cArundhati Roy bPenguin Books,c2003.aNew Delhi: a112p aEnglish-Screen Play